Small business in Japan

Tallennettuna:
Bibliografiset tiedot
Aineistotyyppi: Kirja
Kieli:Undetermined
Julkaistu: Tokyo 1984
Aiheet:
Tagit: Lisää tagi
Ei tageja, Lisää ensimmäinen tagi!
Thư viện lưu trữ: Trung tâm Học liệu Trường Đại học Cần Thơ
LEADER 00369nam a2200145Ia 4500
001 CTU_107019
008 210402s9999 xx 000 0 und d
082 |a 338.642 
082 |b S635 
245 0 |a Small business in Japan 
260 |a Tokyo 
260 |c 1984 
650 |a Small business 
904 |i Hiếu 
980 |a Trung tâm Học liệu Trường Đại học Cần Thơ